000 03180nam0a2200397 4500
001 RU\NLR\BIBL_A\012837000
005 20221228164711.0
010 _a978-5-7046-2547-6
_950
021 _aRU
_bКН-П-22-022938
_9КН-П-22-1963
035 _a(NLR Aleph) 012837000
035 _a(RuMoRGB)011040961
090 _a12381697
_c12381697
100 _a20220701d2022 u y0rusy50 ca
101 0 _arus
102 _aRU
105 _aa j 000zy
181 0 _ai
_baxxe
182 0 _an
200 1 _aКомпоновки паровых котлов и организация движения среды в экранах ограждения
_eучебное пособие по курсу "Паровые котлы" для студентов, обучающихся по направлению 13.04.03 "Энергетическое машиностроение"
_fМ. А. Изюмов, В. М. Супранов, К. А. Плешанов
_gМинистерство науки и высшего образования Российской Федерации, Национальный исследовательский университет "МЭИ"
203 _aТекст
_bвизуальный
_cнепосредственный
210 _aМосква
_cИзд-во МЭИ
_d2022
215 _a55 с.
_cил.
_d20
320 _aБиблиогр.: с. 55 (9 назв.)
330 _aВ учебном пособии содержатся общие сведения о компоновках энергетических паровых котлов и рекомендации по их применению. Представлены также основные положения по организации движения среды в экранах ограждения, методика расчета и проектирования этих экранов. Для студентов, обучающихся по направлению <Энергетическое машиностроение>, по программе подготовки <Энергетические установки на органическом и ядерном топливе>
606 1 _aПаровые котлы
_jУчебные издания для высших учебных заведений
_xКомпоновка
_92531337
_3RU\NLR\AUTH\6601713167
606 1 _aПаровые котлы
_jУчебные издания для высших учебных заведений
_xТопки экранированные
_xРасчет
_91994735
_3RU\NLR\AUTH\66916157
675 _a621.18(075.8)
_v4
686 _a31.361я73
_2rubbks
686 1 _aЗ361-02я73-1
700 1 _7ca
_8rus
_aИзюмов
_bМ. А.
_cканд. техн. наук, теплоэнергетика
_gМихаил Александрович
_92710968
_3RU\NLR\AUTH\770294207
701 1 _aСупранов
_bВ. М.
_gВиктор Михайлович
701 1 _7ca
_8rus
_aПлешанов
_bК. А.
_gКонстантин Александрович
_92710977
_3RU\NLR\AUTH\770294216
942 _cBOOK
980 _aNB